LEGAL AND ETHICAL ISSUES IN NURSING (Record no. 2258)

MARC details
000 -LEADER
fixed length control field 00437nam a22001697a 4500
003 - CONTROL NUMBER IDENTIFIER
control field OSt
005 - DATE AND TIME OF LATEST TRANSACTION
control field 20210906163112.0
008 - FIXED-LENGTH DATA ELEMENTS--GENERAL INFORMATION
fixed length control field 210906b |||||||| |||| 00| 0 eng d
020 ## - INTERNATIONAL STANDARD BOOK NUMBER
International Standard Book Number 0-8385-5659-0
040 ## - CATALOGING SOURCE
Original cataloging agency DDC
Transcribing agency HU
082 ## - DEWEY DECIMAL CLASSIFICATION NUMBER
Edition number 3RD
Classification number 344.730414
Item number 5
100 ## - MAIN ENTRY--PERSONAL NAME
Personal name GINNY WACKER GUIDO
9 (RLIN) 1855
245 ## - TITLE STATEMENT
Title LEGAL AND ETHICAL ISSUES IN NURSING
250 ## - EDITION STATEMENT
Edition statement 3RD
260 ## - PUBLICATION, DISTRIBUTION, ETC.
Place of publication, distribution, etc. NEW JERSEY
Name of publisher, distributor, etc. UPPER SADDLE RIVER
Date of publication, distribution, etc. 2000
942 ## - ADDED ENTRY ELEMENTS (KOHA)
Source of classification or shelving scheme Dewey Decimal Classification
Koha item type Books like text book referance book
Suppress in OPAC No
Holdings
Withdrawn status Lost status Source of classification or shelving scheme Damaged status Not for loan Home library Current library Date acquired Total Checkouts Full call number Barcode Date last seen Copy number Price effective from Koha item type
    Dewey Decimal Classification     College of Medicine and Health’s Sciences Library College of Medicine and Health’s Sciences Library 09/07/2021   334.730414-g8-2000 CMHSL00000262 09/07/2021 1 09/07/2021 Books like text book referance book
    Dewey Decimal Classification     College of Medicine and Health’s Sciences Library College of Medicine and Health’s Sciences Library 09/07/2021   334.730414-g8-2000 CMHSL00000263 09/07/2021 2 09/07/2021 Books like text book referance book
    Dewey Decimal Classification     College of Medicine and Health’s Sciences Library College of Medicine and Health’s Sciences Library 09/07/2021   334.730414-g8-2000 CMHSL00000264 09/07/2021 3 09/07/2021 Books like text book referance book
    Dewey Decimal Classification     College of Medicine and Health’s Sciences Library College of Medicine and Health’s Sciences Library 09/07/2021   334.730414-g8-2000 CMHSL00000265 09/07/2021 4 09/07/2021 Books like text book referance book
    Dewey Decimal Classification     College of Medicine and Health’s Sciences Library College of Medicine and Health’s Sciences Library 09/07/2021   334.730414-g8-2000 CMHSL00000266 09/07/2021 5 09/07/2021 Books like text book referance book